Organic Finance Building a New Sustainable and Inclusive Framework from the Ground Up

Enregistré dans:
Détails bibliographiques
Auteur principal: Shah, Atul K.
Format: Livre
Langue:anglais
Publié: Abingdon Routledge 2025
Édition:1st Edition
Sujets:
Tags: Ajouter un tag
Pas de tags, Soyez le premier à ajouter un tag!

MARC

LEADER 00000nam a2200000 4500
001 0312638
005 20251029143856.2
020 |a 9781003534532 
041 0 |a eng 
044 |a GB 
245 1 0 |a Organic Finance  |b Building a New Sustainable and Inclusive Framework from the Ground Up  |c Atul K. Shah 
250 |a 1st Edition 
264 1 |a Abingdon  |b Routledge  |c 2025 
300 |a 206 s. 
500 |a Taylor and Francis e-books. 
610 2 0 |a financie 
610 2 0 |a financie udržateľné 
610 2 0 |a financovanie 
610 2 0 |a rozvoj trvalo udržateľný 
100 1 |a Shah, Atul K.